Convergencia tecnológica y nacimiento de las maquiladoras de tercera generación : (Registro nro. 31370)

Detalles MARC
000 -LEADER
campo de control de longitud fija 02821nab a2200445 i 4500
001 - NÚMERO DE CONTROL
campo de control 31370
003 - IDENTIFICADOR DE NÚMERO DE CONTROL
campo de control FINmELB
005 - FECHA Y HORA DE LA ÚLTIMA TRANSACCIÓN
campo de control 20241216220643.0
006 - CÓDIGOS DE INFORMACIÓN DE LONGITUD FIJA--CARACTERÍSTICAS DEL MATERIAL ADICIONAL
campo de control de longitud fija m o d |
007 - CAMPO FIJO DE DESCRIPCIÓN FÍSICA--INFORMACIÓN GENERAL
campo de control de longitud fija cr cnu||||||||
008 - DATOS DE LONGITUD FIJA--INFORMACIÓN GENERAL
campo de control de longitud fija 230918c20019999mx tr p o 0 0spa d
022 ## - NÚMERO INTERNACIONAL NORMALIZADO PARA PUBLICACIONES SERIADAS
Número Internacional Normalizado para Publicaciones Seriadas 1870-3925
035 ## - NÚMERO DE CONTROL DEL SISTEMA
Número de control de sistema (OCoLC)1399430791
040 ## - FUENTE DE CATALOGACIÓN
Centro catalogador/agencia de origen FINmELB
Lengua de catalogación spa
Normas de descripción rda
Centro/agencia transcriptor FINmELB
050 #4 - SIGNATURA TOPOGRÁFICA DE LA BIBLIOTECA DEL CONGRESO
Número de clasificación HM51
Número de ítem .L373 2001
080 ## - NÚMERO DE LA CLASIFICACIÓN DECIMAL UNIVERSAL
Número de la Clasificación Decimal Universal 316
082 04 - NÚMERO DE LA CLASIFICACIÓN DECIMAL DEWEY
Número de clasificación 301
Información de edición 23
100 1# - ENTRADA PRINCIPAL--NOMBRE DE PERSONA
Nombre de persona Lara Rivero, Arturo,
Término indicativo de función/relación autor.
245 10 - MENCIÓN DEL TÍTULO
Título Convergencia tecnológica y nacimiento de las maquiladoras de tercera generación :
Resto del título el caso Delphi-Juárez /
Mención de responsabilidad, etc. Arturo Lara Rivero.
264 #1 - PRODUCCIÓN, PUBLICACIÓN, DISTRIBUCIÓN, FABRICACIÓN Y COPYRIGHT
Producción, publicación, distribución, fabricación y copyright Hermosillo :
Nombre del de productor, editor, distribuidor, fabricante El Colegio de Sonora,
Fecha de producción, publicación, distribución, fabricación o copyright 2001.
310 ## - PERIODICIDAD ACTUAL
Periodicidad actual Cuatrimestral
336 ## - TIPO DE CONTENIDO
Término de tipo de contenido texto
Código de tipo de contenido txt
Fuente rdacontent/spa
337 ## - TIPO DE MEDIO
Nombre/término del tipo de medio computadora
Código del tipo de medio c
Fuente rdamedia/spa
338 ## - TIPO DE SOPORTE
Nombre/término del tipo de soporte recurso en línea
Código del tipo de soporte cr
Fuente rdacarrier/spa
362 0# - FECHAS DE PUBLICACIÓN Y/O DESIGNACIÓN SECUENCIAL
Fecha de publicación y/o designación secuencial 1989-
520 ## - RESUMEN, ETC.
Sumario, etc. El objetivo de este trabajo es el de explicar el nacimiento de un moderno, inédito centro de investigación y desarrollo de autopartes electrónicas: Delphi - Juárez. La pregunta básica que guía este trabajo es la siguiente: ¿cuáles son las implicaciones de la convergencia tecnológica electrónica/automotriz sobre el número, distribución espacial y jerárquica de los proveedores? Esta convergencia tecnológica viene a revalorizar las antiguas funciones eléctricas (y tanto a los viejos proveedores de partes eléctricas maduras como a los proveedores de arneses) y a insertarlas en una nueva jerarquía tecnológica con interacciones más intensas entre proveedores de arneses, léase maquiladoras del sector autopartes electrónicos/eléctricos y las empresas propiamente automotrices. Resulta imprescindible leer la formación del centro de investigación y desarrollo Delphi-Juárez desde la perspectiva de los procesos de convergencia, resolución de desequilibrios tecnológicos y coevolución tecnológica del campo electrónico y automotriz.
588 ## - NOTA DE FUENTE DE LA DESCRIPCIÓN
Nota de fuente de la descripción Descripción basada en metadatos suministrados por el editor y otras fuentes.
588 ## - NOTA DE FUENTE DE LA DESCRIPCIÓN
Nota de fuente de la descripción Descripción basada en Región y sociedad, vol. 13, no. 21 (enero-julio, 2001), P. 47-77.
590 ## - NOTA LOCAL (RLIN)
Nota local Recurso electrónico. Santa Fe, Arg.: elibro, 2023. Disponible vía World Wide Web. El acceso puede estar limitado para las bibliotecas afiliadas a elibro.
650 #4 - PUNTO DE ACCESO ADICIONAL DE MATERIA--TÉRMINO DE MATERIA
Término de materia o nombre geográfico como elemento de entrada Autopartes electrónicas.
650 #4 - PUNTO DE ACCESO ADICIONAL DE MATERIA--TÉRMINO DE MATERIA
Término de materia o nombre geográfico como elemento de entrada Convergencia.
650 #4 - PUNTO DE ACCESO ADICIONAL DE MATERIA--TÉRMINO DE MATERIA
Término de materia o nombre geográfico como elemento de entrada Desequilibrios tecnológicos.I
650 #4 - PUNTO DE ACCESO ADICIONAL DE MATERIA--TÉRMINO DE MATERIA
Término de materia o nombre geográfico como elemento de entrada Empresas automotrices.
650 #4 - PUNTO DE ACCESO ADICIONAL DE MATERIA--TÉRMINO DE MATERIA
Término de materia o nombre geográfico como elemento de entrada Maquiladoras.
650 #4 - PUNTO DE ACCESO ADICIONAL DE MATERIA--TÉRMINO DE MATERIA
Término de materia o nombre geográfico como elemento de entrada nvestigación y desarrollo.
655 #4 - TERMINO DE INDIZACIÓN--GENERO/FORMA
Datos o término principal de género/forma Artículos electrónicos.
773 1# - ASIENTO DE ITEM FUENTE
Título Región y sociedad.
Número Internacional Normalizado para Publicaciones Seriadas ISSN1870-3925
Lugar, editor y fecha de publicación Hermosillo : El Colegio de Sonora.
Parte(s) relacionada(s) vol. 13, no. 21 (enero-julio, 2001), p. 47-77
797 2# - PUNTO DE ACCESO ADICIONAL LOCAL--NOMBRE DE ENTIDAD CORPORATIVA (RLIN)
Nombre de entidad corporativa o nombre de jurisdicción como elemento de entrada elibro, Corp.
856 40 - LOCALIZACIÓN Y ACCESO ELECTRÓNICOS
Identificador Uniforme de Recurso <a href="https://elibro.net/ereader/politecnicointernacional/26170">https://elibro.net/ereader/politecnicointernacional/26170</a>

No hay ítems disponibles.


Politécnico Internacional

Institución de Educación Superior
Vigilado Mineducación.
SNES 4727 +4135 DEL 11 de nov. de 2004

Sedes

Sede Norte - Av. Boyacá 138 - 70

Sede Sur - Autopista Sur No 67 - 71

Sede Av Chile - Calle 73 Nº 10-45

Información Legal

Derechos Pecuniarios | Habeas Data | Reglamento Biblioteca


Compartir

YouTube | Twitter | Facebook | LinkedIn


Comunícate con nosotros:

Admisiones: 60-1-7950000
Atención al cliente: 60-1-4005700